| 000 | 01154nam a2200229 a 4500 | ||
|---|---|---|---|
| 008 | 120809s2011 ||||||||||||||||| || u | ||
| 020 | _a9781868087051 | ||
| 050 | _aACCD(08)WP/2A | ||
| 100 | _aPodlashuc, Leopold | ||
| 245 | 1 | 4 |
_aThe South African Homeless People's Federation: Interrogating the myth of particicpation _cBy Leopold Podlashuc |
| 260 |
_aBellville _c2011 |
||
| 300 | _a35p. | ||
| 490 | _aAfrican Centre for Citizenship and Democracy Working Papers | ||
| 500 | _aWorking paper 2 | ||
| 650 | _aSOUTH AFRICAN HOMELESS PEOPLE'S FEDERATION (SAHPF) | ||
| 650 | _aHOMELESS PERSONS--SOUTH AFRICA | ||
| 650 | _aHOUSING--FINANCE--SOUTH AFRICA | ||
| 710 | _aAfrican Centre for Citizenship and Democracy (ACCEDE) | ||
| 995 |
_aSPECIAL COLLECTIONS _e110 _FCBU-MAIN LIBRARY (Kitwe) _jACCD(08)WP/2A _M1 _UAVAILABLE _WAug 15, 2012 _yB110 _ZInternational Publications |
||
| 995 |
_aSPECIAL COLLECTIONS _e112 _FCBU-MAIN LIBRARY (Kitwe) _jACCD(08)WP/2C _M3 _UAVAILABLE _WAug 15, 2012 _yB112 _ZInternational Publications |
||
| 995 |
_aSPECIAL COLLECTIONS _e111 _FCBU-MAIN LIBRARY (Kitwe) _jACCD(08)WP/2B _M2 _UAVAILABLE _WAug 15, 2012 _yB111 _ZInternational Publications |
||
| 999 |
_c76678 _d76678 |
||